000 00777nam a2200205Ii 4500
003 JO-AjNU
008 230605s9999||||xx |||||||||||||| ||und||
020 _a1-900-700-050
040 _aJO-AjNU
_bara
_erda
_cJO-AjNU
041 _aara
050 1 4 _aPL271.E44 1997
100 3 _aبصري، مير,
_eauthor
_913286
245 0 0 _aأعلام التركمان والأدب التركي في العراق الحديث = Eminent Turkmans And Turkish Literature In Modern Iraq
264 3 1 _aلندن: دار الوراق، 1997
300 _a192ص
336 _atext
_btxt
_2rdacontent
337 _aunmediated
_bn
_2rdamedia
338 _avolume
_bnc
_2rdacarrier
650 4 _aالادب التركي - العراق - العصر الحديث - تراجم التركمان
_913287
999 _aA3269
_c6837
_d6837